00211nam a2200073Ia 4500082001600000245002600016100005400042008004100096 a650.14 JOUB 0aWrite the winning CV  a JOUBERT, Danie Cape Town, 2007 2nd [new] ed 210816s9999 xx 000 0 und d